Statystyki dla Najpopularniejsi artyści na Spotify

Kliknij tutaj aby rozwiązać quiz!

Ogólne statystyki

  • Ten quiz został rozwiązany 128 razy
  • Średni wynik to 27 z 100

Statystyki odpowiedzi

#ArtystaMld odsłuchańKraj pochodzeniaGłówny gatunekPłećOsób w zespoleRok debiutanckiego albumu% Poprawnych
3.Taylor Swift60,1USAPopK12006
80%
1.Drake66,6KanadaHip HopM12009
77%
8.Eminem38USAHip HopM11999
76%
7.Justin Bieber38,6KanadaPopM12009
70%
4.The Weeknd48,7KanadaPopM12011
67%
18.Rihanna26,7BarbadosPopK12005
64%
6.Ariana Grande38,6USAPopK12013
62%
9.BTS35,9Korea Płd.PopM72013
62%
5.Ed Sheeran45UKPopM12011
62%
11.Kanye West32,4USAHip HopM12004
57%
19.Travis Scott26,6USAHip HopM12015
54%
13.Billie Eilish29,8USAPopK12019
47%
47.Shakira17KolumbiaPopK11995
47%
31.Beyoncé20USAPopK12003
46%
33.Harry Styles19,3UKPopM12017
46%
42.Adele18,3UKPopK12008
45%
16.Dua Lipa27,3UKPopK12017
45%
40.Nicki Minaj18,4USAHip HopK12010
43%
79.Metallica11,3USAMetalM41983
42%
37.Lady Gaga18,9USAPopK12008
41%
57.Katy Perry15,7USAPopK12008
40%
26.Kendrick Lamar22,7USAHip HopM12010
40%
2.Bad Bunny62,8PortorykoLatinM12018
39%
32.Queen20UKRockM41973
39%
27.Shawn Mendes22,1KanadaPopM12015
39%
56.Doja Cat15,7USAPopK12018
38%
10.Post Malone35,7USAHip HopM12016
38%
46.Selena Gomez17,1USAPopK12013
38%
20.XXXTENTACION25,9USAHip HopM12017
36%
96.Cardi B10,4USAHip HopM12016
35%
86.BLACKPINK11Korea Płd.PopK42018
34%
72.Michael Jackson12,2USAPopM11972
34%
35.One Direction19UKPopM52012
34%
76.Pitbull11,7USAPopM12004
34%
17.Imagine Dragons27USAAlternativeM42012
33%
36.Lana Del Rey19USAPopK12012
33%
25.Bruno Mars22,9USAPopM12010
32%
62.Camila Cabello14USAPopK12018
32%
48.The Beatles16,8UKRockM41963
32%
52.Sia16,1AustraliaPopK12003
31%
65.21 Savage13,8USAHip HopM12016
30%
90.Lil Nas X10,6USAHip HopM12021
30%
59.Miley Cyrus14,8USAPopK12007
30%
99.AC/DC10,3AustraliaMetalM51976
29%
81.Lil Peep11,2USAHip HopM12016
29%
22.David Guetta24,7FrancjaElectronicM12002
28%
15.Juice WRLD27,7USAHip HopM12018
28%
68.Olivia Rodrigo13,2USAPopK12021
28%
61.SZA14,6USAR&BK12014
28%
60.Avicii14,6SzwecjaElectronicM12013
27%
51.Lil Uzi Vert16,4USAHip HopM12015
26%
24.Maroon 523,8USAPopM72002
26%
14.Coldplay28,1UKAlternativeM42000
24%
29.Sam Smith21,5UKPopNonbinary12014
24%
28.Calvin Harris21,6UKElectronicM12007
20%
53.Arctic Monkeys16,1UKAlternativeM42006
19%
69.OneRepublic13,1USAPopM62007
19%
34.Future19,3USAHip HopM12012
18%
74.Demi Lovato11,8USAPopNonbinary12008
17%
38.J. Cole18,6USAHip HopM12011
17%
58.Twenty One Pilots14,8USAAlternativeM22009
17%
89.Alan Walker10,8NorwegiaElectronicM12018
16%
98.Charlie Puth10,4USAPopM12016
16%
12.J Balvin32,3KolumbiaLatinM12012
16%
92.Lil Wayne10,6USAHip HopM11999
16%
49.Linkin Park16,4USARockM62000
16%
63.Metro Boomin13,8USAHip HopM12014
16%
93.Frank Ocean10,5USAR&BM12012
15%
77.Pop Smoke11,5USAHip HopM12019
14%
30.Daddy Yankee20,5PortorykoLatinM12002
13%
73.Jason Derulo12USAPopM12010
13%
78.Tyler, The Creator11,4USAHip HopM12011
13%
39.Chris Brown18,6USAR&BM12005
12%
70.Lil Baby13,1USAHip HopM12017
12%
50.Halsey16,4USAPopK12015
11%
54.Maluma15,9KolumbiaLatinM12012
11%
95.Young Thug10,4USAHip HopM12011
11%
88.DaBaby10,8USAHip HopM12016
10%
82.Elton John11,2UKPopM11969
10%
43.KAROL G18,1KolumbiaLatinK12017
10%
55.Marshmello15,8USAElectronicM12016
10%
87.Ellie Goulding11UKPopK12010
9%
75.Mac Miller11,7USAHip HopM12010
9%
45.The Chainsmokers17,4USAElectronicM22017
9%
23.Khalid24,1USAR&BM12017
8%
83.DJ Snake11,1FrancjaElectronicM12016
7%
97.Martin Garrix10,4HolandiaElectronicM12021
6%
64.Kygo13,8NorwegiaElectronicM12016
5%
21.Ozuna25,5PortorykoLatinM12017
5%
67.Red Hot Chili Peppers13,5USARockM41984
4%
91.Tiësto10,6HolandiaElectronicM11997
4%
66.Farruko13,6PortorykoLatinM12010
3%
100.James Arthur10,3UKPopM12013
3%
41.Anuel AA18,4PortorykoLatinM12018
1%
85.Feid11,1KolumbiaLatinM12015
1%
44.Rauw Alejandro17,7PortorykoLatinM12019
1%
84.$uicideboy$11,1USAHip HopM22014
1%
80.Morgan Wallen11,3USACountryM12018
0%
71.Myke Towers12,3PortorykoLatinM12016
0%
94.Sech10,5PanamaLatinM11997
0%

Rozkład punktacji

Percentyl według liczby udzielonych odpowiedzi

Procent ludzi z każdym wynikiem

Twoja historia wyników

Nie rozwiązałeś tego quizu